000
00218nam a22000857a 4500
008
160701b xxu||||| |||| 00| 0 eng d
100
_9
1667
_a
Aggarwal, M.L
245
_a
Mathematics - XII
260
_a
New Delhi
_b
Arya
_c
2003
999
_c
1385
_d
1385